01624nam a2200361 i 4500001001200000003000800012006001900020007001500039008004100054020004200095020002700137040003500164035002100199043001200220050002900232082001800261100003200279245011300311264003800424300005700462336002100519337002300540338003200563504005100595588004700646590014700693610003500840655002200875776021200897797001201109856012601121999001501247ebr10958861CaPaEBRm o d cr cn|||||||||111114s2012 maua ob 001 0 eng|d z9789004203860 (hardback : alk. paper) a9789004250215 (e-book) aCaPaEBRbengerdaepncCaPaEBR a(OCoLC)896842974 aa-ja---14aPN2926.T32bT3985 2012eb04a792.609522231 aYamanashi, Makiko,eauthor.12aA history of the Takarazuka Revue since 1914 :bmodernity, girls' culture, Japan pop /cby Makiko Yamanashi. 1aBoston :bGlobal Oriental,c2012. a1 online resource (261 pages) :bcolor illustrations atext2rdacontent acomputer2rdamedia aonline resource2rdacarrier aIncludes bibliographical references and index. aDescription based on print version record. aElectronic reproduction. Palo Alto, Calif. : ebrary, 2014. Available via World Wide Web. Access may be limited to ebrary affiliated libraries.20aTakarazuka KagekidanxHistory. 0aElectronic books.08iPrint version:aYamanashi, Makiko.tHistory of the Takarazuka Revue since 1914 : modernity, girls' culture, Japan pop.dBoston : Global Oriental, 2012hxxviii, 233 pages ; 25 cmz9789004203860w(DLC)109588612 aebrary.40uhttp://site.ebrary.com/lib/rucke/Doc?id=10958861zAn electronic book accessible through the World Wide Web; click to view c2120d2120